000 00259nam a22001217a 4500
003 SGT
082 _bPAL
100 _aPALIWAL, DR. SHIKHA
245 _aHINDI BHASHA SHISHAN OR PRVINTA
260 _aDELHI
_bSHIKSHA
_c2014
300 _a320
942 _2ddc
_cBK
999 _c19941
_d19941